[Event "Athens SAE op"]
[Site "Athens"]
[Date "2001.10.27"]
[Round "6.2"]
[White "Lazaridis, Filaretos"]
[Black "Spirakopoulos, Ioannis"]
[Result "0-1"]
[WhiteElo "1825"]
[BlackElo "2218"]
[PlyCount "86"]
[EventDate "2001.10.08"]
[EventType "swiss"]
[EventRounds "7"]
[EventCountry "GRE"]
[SourceTitle "EXT 2003"]
[Source "ChessBase"]
[SourceDate "2002.11.25"]
[SourceVersion "1"]
[SourceVersionDate "2002.11.25"]
[SourceQuality "1"]

1. e4 e6 2. d4 d5 3. Nc3 Bb4 4. exd5 exd5 5. Nf3 Ne7 6. Bd3 Nbc6 7. a3 Bxc3+ 8. bxc3 Bf5 9. Rb1 b6 10. Bg5 f6 11. Bf4 Qd7 12. Ba6 0-0 13. 0-0 Na5 14. Bd3 Rfe8 15. Re1 c6 16. Qd2 Nc4 17. Bxc4 dxc4 18. Re2 Nd5 19. Rbe1 Bg4 20. Bg3 Bxf3 21. gxf3 Rxe2 22. Rxe2 Re8 23. Re4 b5 24. Qe1 Kf7 25. Kg2 Re6 26. h4 a6 27. h5 f5 28. Re5 Rxe5 29. Bxe5 Qe7 30. a4 Qg5+ 31. Kf1 Qxh5 32. Ke2 Qh6 33. axb5 cxb5 34. Qa1 Qb6 35. Kd2 a5 36. Qh1 Qh6+ 37. Qxh6 gxh6 38. Bd6 h5 39. Bg3 Ke6 40. Be5 h4 41. Bh2 a4 42. Kc1 Nxc3 43. Kb2 b4 0-1

[Event "Athens SAE op"]
[Site "Athens"]
[Date "2001.10.22"]
[Round "5.2"]
[White "Spirakopoulos, Ioannis"]
[Black "Tsimboukidis, Anastasios"]
[Result "1-0"]
[WhiteElo "2218"]
[BlackElo "1865"]
[PlyCount "77"]
[EventDate "2001.10.08"]
[EventType "swiss"]
[EventRounds "7"]
[EventCountry "GRE"]
[SourceTitle "EXT 2003"]
[Source "ChessBase"]
[SourceDate "2002.11.25"]
[SourceVersion "1"]
[SourceVersionDate "2002.11.25"]
[SourceQuality "1"]

1. e4 c5 2. Nf3 Nc6 3. d4 cxd4 4. Nxd4 Nf6 5. Nc3 e5 6. Ndb5 d6 7. Nd5 Nxd5 8. exd5 Nb8 9. c4 Be7 10. Bd3 0-0 11. 0-0 f5 12. f3 Nd7 13. Be3 a6 14. Nc3 Bg5 15. Qd2 Bxe3+ 16. Qxe3 a5 17. Na4 b6 18. Rab1 Nc5 19. Nc3 Qc7 20. b3 Bd7 21. Rfc1 Qd8 22. Bc2 Rb8 23. a3 Qf6 24. b4 Na6 25. bxa5 bxa5 26. Rxb8 Nxb8 27. Ba4 Bxa4 28. Nxa4 e4 29. fxe4 fxe4 30. h3 Qe5 31. Re1 Re8 32. Nc3 Rc8 33. Qxe4 Rxc4 34. Qb1 Qd4+ 35. Kh1 Nd7 36. Qf5 Nf6 37. Qe6+ Kh8 38. Nb5 Qxd5 39. Qxd5 1-0

[Event "Ambelokipi op 16th"]
[Site "Athens"]
[Date "1999.??.??"]
[Round "7"]
[White "Spirakopoulos, Ioannis"]
[Black "Hristofis, Ilias"]
[Result "1-0"]
[WhiteElo "2181"]
[BlackElo "2070"]
[PlyCount "83"]
[EventDate "1999.??.??"]
[EventType "swiss"]
[EventRounds "7"]
[EventCountry "GRE"]
[SourceTitle "EXT 2004"]
[Source "ChessBase"]
[SourceDate "2003.11.25"]
[SourceVersion "1"]
[SourceVersionDate "2003.11.25"]
[SourceQuality "1"]

1. e4 e5 2. Nf3 Nc6 3. Bb5 a6 4. Ba4 Nf6 5. 0-0 b5 6. Bb3 Be7 7. Re1 d6 8. c3 0-0 9. h3 Na5 10. Bc2 c5 11. d4 Qc7 12. Nbd2 cxd4 13. cxd4 h6 14. Nf1 Bb7 15. d5 Nc4 16. Bd3 Rfc8 17. Ng3 b4 18. Nf5 Bf8 19. b3 Nb6 20. Bd2 a5 21. Nh2 Kh7 22. Ng4 Nbd7 23. Qf3 Qd8 24. Bb5 Nxg4 25. hxg4 Nc5 26. g3 Ba6 27. Bc6 Ra7 28. Kg2 Rcc7 29. Rh1 f6 30. Rh3 Kg8 31. Be3 Rf7 32. Rah1 Rac7 33. Rh5 Bc8 34. Nh4 Ba6 35. Qf5 Bc8 36. Qg6 Kh8 37. f3 Qe7 38. g5 Ra7 39. gxh6 gxh6 40. Bxh6 Rh7 41. Bxf8 Qxf8 42. Nf5 1-0